|
|
|
|
| LEADER |
00610cam a2200169 7i4500 |
| 001 |
0000008474 |
| 005 |
20210409090000.0 |
| 020 |
|
|
|a 0534252796
|
| 090 |
0 |
0 |
|a QH430
|b .F35 1999
|
| 100 |
1 |
|
|a Fairbanks, Daniel J
|
| 245 |
1 |
0 |
|a Genetics :
|b the continuity of life
|c Daniel J. Fairbanks, W. Ralph Andersen.
|
| 260 |
|
|
|a Pacific Grove:
|b Brooks/Cole Publishing Company,
|c 1999.
|
| 300 |
|
|
|a xix, 820 p.:
|b col. ill.;
|c 28 cm.
|
| 504 |
|
|
|a Includes bibliographical references and index
|
| 650 |
0 |
0 |
|a Genetics
|
| 700 |
1 |
|
|a Andersen, W. Ralph
|
| 997 |
|
|
|a Engineering & Life Sciences, Faculty
|b Science & Biotechnology, Department
|